| 000 | 01038nam0a22002651 4500 | ||
|---|---|---|---|
| 001 | rc\4971959 | ||
| 005 | 20130430130438.7 | ||
| 021 |
_aRU _b[58-67247] |
||
| 035 | _a(NLR Aleph) 008976891 | ||
| 090 |
_a9160732 _c9160732 |
||
| 100 | _a20130430d1958 |||y0rusy50 ca | ||
| 101 | 0 | _arus | |
| 102 | _aRU | ||
| 105 | _aa z ||||| | ||
| 200 | 1 |
_aРасход электроэнергии на движение троллейбусов _fКиевское обл. правл. Науч.-техн. о-ва сан. техники и гор. хозяйства. Секция горэлектротранспорта |
|
| 210 |
_aКиев _cБ. и. _d1958 |
||
| 215 |
_a99 с. _cчерт. _d21 |
||
| 300 | _aАвт. указан на переплете | ||
| 606 |
_aТроллейбусы _xДвижение _xРасход электроэнергии _2psbo |
||
| 700 | 1 |
_aРебров _bС. А. _gСергей Алексеевич |
|
| 801 | 0 |
_aRU _bNLR _gpsbo |
|
| 801 | 1 |
_aRU _bELAR _2rusmarc |
|
| 852 |
_aNLR _j58-4/18356 |
||
| 942 | _cBOOK | ||
| 980 | _aNB | ||